000 00696cam a22002294a 4500
001 12727545
005 20180815081049.0
008 020402s2002 paua 001 0 eng
010 _a 2002066081
020 _a0781733944
040 _aDLC
_cDLC
_dDLC
041 _aeng
042 _apcc
080 _a610 14
082 0 0 _a610 14
_221
100 1 _a3
101 _aSHM
245 1 0 _aMedical terminology :
_cMarjorie Canfield Willis.
906 _a7
_bcbc
_corignew
_d1
_eocip
_f20
_gy-gencatlg
942 _2ddc
_cBK
999 _c47189
_d47189